Представление документа в формате MARC21

Поле Инд. ПП Название Значение
Тип записи a
Библиографический уровень m
001 Контрольный номер UNIDUBNA444a6e564cd74e45ba743420b7b21587
005 Дата корректировки 20260424121528.9
008 Кодируемые данные 20120911
017 a Номер регистрации авт. права Акт приемки-передачи Произведения № 15/2025, № 15/2025/1, №15/2025/2 от 14.05.2025
020 a ISBN 978-5-89847-723-3
040 b Код языка каталог. rus
e Правила каталог. PSBO
041 0_ a Код языка текста rus
084 a Индекс другой классификации/Индекс ББК 28.585(2Рос-4Мос-2Дубна)
090 a Полочн. индекс 28.585(2Рос-4Мос-2Дубна)
x Авторский знак Р 332
100 1_ a Автор Жмылев П. Ю.
q Полное имя Жмылёв Павел Юрьевич
100 1_ a Автор Коваленко М. А.
q Полное имя Коваленко Мария Александровна
100 1_ a Автор Лазарева Г. А.
q Полное имя Лазарева Галина Александровна
100 1_ a Автор Морозова О. В.
q Полное имя Морозова Ольга Васильевна
245 10 a Заглавие Редкие растения города Дубны
b Продолж. заглавия монография
c Ответственность Государственный университет "Дубна". Факультет естественных и инженерных наук. Кафедра экологии и наук о Земле; редактор Ю. С. Цепилова; рецензенты А.Н. Луферов, Е. А. Дейнега
260 a Место издания Дубна
b Издательство Государственный университет "Дубна"
c Дата издания 2025
300 a Объем 217 с., 88 ил.
336 a Термин вида содержания Текст
337 a Термин типа средства непосредственный + электронный
521 0_ a Примеч. о целев. назн. студенты
650 14 a Основная рубрика биология
a Основная рубрика ботаника
653 0_ a Ключевые слова аборигенные популяции
a Ключевые слова ареал распространения
a Ключевые слова география растений (фитогеография)
a Ключевые слова Дубна
a Ключевые слова Красная книга Московской области
a Ключевые слова морфология растений
a Ключевые слова Московская область
a Ключевые слова охрана растений
a Ключевые слова растения
a Ключевые слова редкие растения
700 12 a Автор Цепилова Ю. С.
e Роль лиц редактор
700 12 a Автор Дейнега Е. А.
e Роль лиц рецензент
700 12 a Автор Луферов А. Н.
e Роль лиц рецензент
720 a Наименование подборки СЭБ5
e Признак/вид подборки Тематические подборки
856 40 a Имя сервера/домена Библиотечная система Университета "Дубна"
d Путь http://lib.uni-dubna.ru/MegaPRO/Web
i Указания/сценарий входа Доступ по номеру читательского билета и фамилии читателя
y Справочный текст Электронная версия
u URL https://lib.uni-dubna.ru/MegaPRO/UserEntry?Action=FindDocs&ids=184079&idb=ec_110
856 40 a Имя сервера/домена ЭБС "Лань"
d Путь http://e.lanbook.com/
i Указания/сценарий входа Доступ по логину и паролю
u URL https://e.lanbook.com/book/516066
v Время доступа к ресурсу 10.04.2026
y Справочный текст Электронная версия
900 a Имя электронного ресурса Jmilev_Redkie
x Справочная информация Полный текст
900 a Имя электронного ресурса obl_Jmilev_Redkie
x Справочная информация Обложка
900 a Имя электронного ресурса akt_15_2025_Jmelev
900 a Имя электронного ресурса akt_15_2025_2_Lazareva
900 a Имя электронного ресурса akt_15_2025_1_Kovalenko
901 t Тип документа m
952 a Тип литературы для КСУ ВШ НАУ